Kabale University Library Catalogue

Normal view MARC view
  • English drama

Entry Topical Term

Number of records used in: 1

001 - CONTROL NUMBER

  • control field: 7361

003 - CONTROL NUMBER IDENTIFIER

  • control field: OSt

005 - DATE AND TIME OF LATEST TRANSACTION

  • control field: 20201118100856.0

008 - FIXED-LENGTH DATA ELEMENTS

  • fixed length control field: 201118|| aca||aabn | a|a d

040 ## - CATALOGING SOURCE

  • Original cataloging agency: OSt
  • Transcribing agency: OSt

150 ## - HEADING--TOPICAL TERM

  • Topical term or geographic name entry element: English drama

670 ## - SOURCE DATA FOUND

  • Source citation: Work cat.: (OSt)0: Stanev, Hristomir A. 7360, Sensory Experience and the Metropolis on the Jacobean Stage (1603-1625) /, c2014.

Kabale University Library | Kabale University P.O Box 317, Kabale, Uganda
Tel : +256754017033, +256774661503 E-mail : library@kab.ac.ug